[Event "Fide Women Grand Prix Khanty-Mansiysk 2"]
[Site "Khanty Mansiysk RUS"]
[Date "2014.04.09"]
[Round "1.1"]
[White "Stefanova, Antoaneta"]
[Black "Kosteniuk, Alexandra"]
[Result "1/2-1/2"]
[WhiteElo "2489"]
[BlackElo "2527"]
[PlyCount "138"]
[EventDate "2014.04.09"]
[EventType "tourn"]
[EventRounds "11"]
[EventCountry "RUS"]
[EventCategory "10"]
[Source "lmi"]
[SourceDate "2014.04.09"]

1. d4 d5 2. Bf4 Nf6 3. Nc3 c6 4. e3 Nbd7 5. h4 g6 6. g4 h6 7. Bd3 Bg7 8. Qf3
Qa5 9. Nge2 Ne4 10. Bxe4 dxe4 11. Qg2 Nf6 12. g5 hxg5 13. hxg5 Rxh1+ 14. Qxh1
Nh5 15. O-O-O Bg4 16. Qxe4 Bxe2 17. Nxe2 Qxa2 18. Nc3 Qa1+ 19. Kd2 Qa5 20. b4
Qf5 21. Qxf5 gxf5 22. Bh2 O-O-O 23. Ra1 e5 24. Rxa7 exd4 25. Ra8+ Kd7 26. Rxd8+
Kxd8 27. Ne2 dxe3+ 28. Kxe3 Bf8 29. c3 Be7 30. f4 Kd7 31. Bg1 Bd6 32. Kf3 Bc7
33. Be3 Ng7 34. Ng3 Ke6 35. Bd4 Ne8 36. c4 Bd6 37. Bc3 b5 38. c5 Be7 39. Ne2
Kd5 40. Nd4 Bf8 41. Nxf5 Kc4 42. Be1 Kd3 43. Kg4 Nc7 44. Nd6 Ke2 45. Bc3 Nd5
46. Bh8 Nxb4 47. Nxf7 Bxc5 48. Nd8 Nd5 49. Nxc6 Ke3 50. f5 Ke4 51. f6 Nf4 52.
f7 Ng6 53. Bc3 Kd5 54. Nd8 b4 55. Bb2 b3 56. Kf5 Ne7+ 57. Kf6 Ke4 58. f8=Q Nd5+
59. Kf7 Bxf8 60. Kxf8 Kf5 61. Nf7 Nf4 62. Kg7 Nd3 63. Bf6 b2 64. Nh6+ Kf4 65.
Bxb2 Kxg5 66. Bf6+ Kf4 67. Kf7 Ne5+ 68. Ke6 Ng4 69. Nxg4 Kxg4 1/2-1/2

[Event "Fide Women Grand Prix Khanty-Mansiysk 2"]
[Site "Khanty Mansiysk RUS"]
[Date "2014.04.09"]
[Round "1.3"]
[White "Zhao, Xue"]
[Black "Lagno, Kateryna"]
[Result "1-0"]
[WhiteElo "2552"]
[BlackElo "2543"]
[PlyCount "59"]
[EventDate "2014.04.09"]
[EventType "tourn"]
[EventRounds "11"]
[EventCountry "RUS"]
[EventCategory "10"]
[Source "lmi"]
[SourceDate "2014.04.09"]

1. Nf3 g6 2. c4 Bg7 3. Nc3 c5 4. e3 Nf6 5. d4 O-O 6. Be2 cxd4 7. Nxd4 d5 8. O-O
dxc4 9. Bxc4 a6 10. a4 Qc7 11. Ba2 Rd8 12. Bd2 e5 13. Nf3 Nc6 14. Ng5 Rf8 15.
Rc1 e4 16. Ngxe4 Nxe4 17. Nxe4 Bxb2 18. Qc2 Bg7 19. Bb4 Rd8 20. Ng5 Bf5 21. e4
Qf4 22. Nxf7 Rd4 23. Bd6 Bxe4 24. Qb3 Qf6 25. Qxb7 Re8 26. Ng5+ Kh8 27. Nxe4
Rdxe4 28. Qxc6 h5 29. a5 Qg5 30. Bf7 1-0

[Event "Fide Women Grand Prix Khanty-Mansiysk 2"]
[Site "Khanty Mansiysk RUS"]
[Date "2014.04.09"]
[Round "1.4"]
[White "Girya, Olga"]
[Black "Dzagnidze, Nana"]
[Result "1-0"]
[WhiteElo "2450"]
[BlackElo "2550"]
[PlyCount "97"]
[EventDate "2014.04.09"]
[EventType "tourn"]
[EventRounds "11"]
[EventCountry "RUS"]
[EventCategory "10"]
[Source "lmi"]
[SourceDate "2014.04.09"]

1. d4 Nf6 2. c4 e6 3. Nc3 Bb4 4. Qc2 O-O 5. a3 Bxc3+ 6. Qxc3 b6 7. Bg5 Bb7 8.
e3 d6 9. Ne2 Nbd7 10. Qd3 Re8 11. Nc3 Nf8 12. Qc2 h6 13. Bxf6 Qxf6 14. Bd3 Bxg2
15. Rg1 Bf3 16. Rg3 Rad8 17. Kd2 Bh5 18. f4 d5 19. Rag1 g6 20. cxd5 exd5 21.
Qa4 c5 22. Nxd5 Qh4 23. dxc5 bxc5 24. Qc4 Qxh2+ 25. R1g2 Qh4 26. Kc2 Rd6 27.
Qxc5 Qd8 28. Bc4 Kh7 29. Rd2 Qb8 30. Qd4 Nd7 31. b3 Qd8 32. Qxa7 Rf8 33. e4 Nb6
34. Rgd3 Nxd5 35. Rxd5 Rxd5 36. Rxd5 Qh4 37. Qe3 Qh1 38. Rd7 Kg8 39. Rd6 Qg2+
40. Rd2 Qh1 41. Kb2 Bf3 42. e5 Be4 43. e6 Qb1+ 44. Kc3 Qc1+ 45. Kb4 fxe6 46.
Bxe6+ Kh8 47. Qd4+ Kh7 48. Qd7+ Kh8 49. Qd6 1-0

[Event "Fide Women Grand Prix Khanty-Mansiysk 2"]
[Site "Khanty Mansiysk RUS"]
[Date "2014.04.09"]
[Round "1.5"]
[White "Muzychuk, Anna"]
[Black "Batchimeg, Tuvshintugs"]
[Result "1-0"]
[WhiteElo "2560"]
[BlackElo "2340"]
[PlyCount "161"]
[EventDate "2014.04.09"]
[EventType "tourn"]
[EventRounds "11"]
[EventCountry "RUS"]
[EventCategory "10"]
[Source "lmi"]
[SourceDate "2014.04.09"]

1. e4 e5 2. Nf3 Nc6 3. Bc4 Nf6 4. d3 Be7 5. O-O d6 6. a4 Na5 7. Ba2 Be6 8. b4
Bxa2 9. Rxa2 Nc6 10. c3 a6 11. Re1 O-O 12. Qb3 Re8 13. c4 a5 14. b5 Nb4 15. Rd2
Nd7 16. Nc3 c5 17. Qd1 Nf8 18. Qe2 Bg5 19. Nxg5 Qxg5 20. Rdd1 Qg6 21. f4 exf4
22. Bxf4 Qf6 23. Qd2 Ng6 24. Rf1 Nxf4 25. Rxf4 Qe5 26. Rf5 Qd4+ 27. Kh1 g6 28.
Rf3 b6 29. Ne2 Qe5 30. Rdf1 Ra7 31. Ng1 Qd4 32. Ne2 Qe5 33. Rg3 Rd7 34. Nf4
Ree7 35. h4 Qf6 36. h5 Re5 37. Qe2 Qh4+ 38. Rh3 Qg5 39. Qf3 Qf6 40. Qg4 Rd8 41.
Kh2 Qg5 42. Qf3 Qf6 43. Rg3 Qh4+ 44. Kg1 Qf6 45. Qg4 Qg7 46. Qh4 Rde8 47. Qh3
R5e7 48. Kh1 Qh6 49. Qf5 Kh8 50. Qf6+ Qg7 51. Qxd6 Qe5 52. Qxb6 g5 53. Ne2 Re6
54. Qb7 R6e7 55. Qb6 Re6 56. Qxa5 Rh6 57. Qa7 Rxh5+ 58. Kg1 Re7 59. Qb6 Kg7 60.
d4 cxd4 61. Qxd4 Qxd4+ 62. Nxd4 Rxe4 63. Nf5+ Kg6 64. Nd6 Rd4 65. Nxf7 g4 66.
Re3 Kg7 67. Re7 Kf8 68. Rc7 Ke8 69. c5 Nd5 70. Nd6+ Kd8 71. Ra7 Nf4 72. Rf7
Ne2+ 73. Kf2 Re5 74. Re1 g3+ 75. Kf3 Rxd6 76. cxd6 Nd4+ 77. Kxg3 Rxe1 78. b6
Rb1 79. b7 Nf5+ 80. Rxf5 Kd7 81. Rb5 1-0

[Event "Fide Women Grand Prix Khanty-Mansiysk 2"]
[Site "Khanty Mansiysk RUS"]
[Date "2014.04.09"]
[Round "1.6"]
[White "Hou, Yifan"]
[Black "Kosintseva, Tatiana"]
[Result "1-0"]
[WhiteElo "2618"]
[BlackElo "2496"]
[PlyCount "111"]
[EventDate "2014.04.09"]
[EventType "tourn"]
[EventRounds "11"]
[EventCountry "RUS"]
[EventCategory "10"]
[Source "lmi"]
[SourceDate "2014.04.09"]

1. c4 Nf6 2. Nf3 e6 3. g3 d5 4. Bg2 dxc4 5. Qa4+ Nbd7 6. Qxc4 a6 7. Qb3 c5 8.
d3 Be7 9. Nc3 O-O 10. a4 Nb6 11. O-O Nbd5 12. Ne5 Qc7 13. Nc4 Bd7 14. Nxd5 Nxd5
15. Bxd5 exd5 16. Nb6 Rae8 17. Bf4 Qc6 18. Qxd5 Qxb6 19. Qxd7 Bf6 20. Bd6 Rd8
21. Bc7 Rxd7 22. Bxb6 Re8 23. Rfe1 Bxb2 24. Rab1 Ba3 25. Rb3 Bb4 26. Rc1 h6 27.
e4 a5 28. Bxc5 Rc8 29. Be3 Rdc7 30. Rxc7 Rxc7 31. d4 Rc2 32. d5 Kf8 33. Rb1 Ra2
34. Rc1 Rxa4 35. e5 Ra3 36. Rc8+ Ke7 37. Rc7+ Ke8 38. Rxb7 Rd3 39. Rb8+ Kd7 40.
Rb7+ Ke8 41. d6 f6 42. Rxg7 fxe5 43. Re7+ Kf8 44. Bxh6+ Kg8 45. Rg7+ Kh8 46.
Ra7 Rxd6 47. Bg7+ Kg8 48. Bxe5 Rd5 49. Bc7 Bc3 50. Kg2 Be1 51. h4 Rd2 52. Bb6
Ra2 53. h5 Bd2 54. g4 a4 55. Bd4 a3 56. g5 1-0

[Event "Fide Women Grand Prix Khanty-Mansiysk 2"]
[Site "Khanty Mansiysk RUS"]
[Date "2014.04.10"]
[Round "2.2"]
[White "Muminova, Nafisa"]
[Black "Zhao, Xue"]
[Result "1-0"]
[WhiteElo "2321"]
[BlackElo "2552"]
[PlyCount "113"]
[EventDate "2014.04.09"]
[EventType "tourn"]
[EventRounds "11"]
[EventCountry "RUS"]
[EventCategory "10"]
[Source "lmi"]
[SourceDate "2014.04.09"]

1. e4 e5 2. Nf3 Nc6 3. Bb5 a6 4. Ba4 Nf6 5. d3 d6 6. c4 Be7 7. h3 O-O 8. Be3
Nb8 9. Nc3 c6 10. Bc2 b5 11. O-O Nbd7 12. a3 Bb7 13. Bc1 Re8 14. b4 d5 15. c5
Qc7 16. Bb2 Rad8 17. Qb1 Nf8 18. Ne2 Ng6 19. Ng3 Bc8 20. Bb3 a5 21. Qc2 Be6 22.
Ng5 a4 23. Ba2 Nd7 24. Nxe6 fxe6 25. Rae1 Kh8 26. exd5 exd5 27. Nf5 Bf8 28. Bb1
Nf6 29. Qd2 Qd7 30. Qg5 Qf7 31. Nh4 Nxh4 32. Qxh4 d4 33. f4 exf4 34. Qxf4 Rxe1
35. Rxe1 Qd5 36. Qf2 h6 37. Bc1 Ng8 38. Ba2 Qd7 39. Be6 Qb7 40. Bb2 Be7 41.
Bxd4 Bf6 42. Re4 Qe7 43. Bxf6 Nxf6 44. Re3 Re8 45. d4 Qd8 46. Re5 Rf8 47. Qe3
Qc7 48. d5 cxd5 49. Bxd5 Nxd5 50. Rxd5 Qf7 51. Qd4 Qg6 52. Rd8 Rxd8 53. Qxd8+
Kh7 54. Qd6 Qc2 55. c6 Qc1+ 56. Kh2 Qxa3 57. Qc5 1-0

[Event "Fide Women Grand Prix Khanty-Mansiysk 2"]
[Site "Khanty Mansiysk RUS"]
[Date "2014.04.10"]
[Round "2.3"]
[White "Lagno, Kateryna"]
[Black "Girya, Olga"]
[Result "1-0"]
[WhiteElo "2543"]
[BlackElo "2450"]
[PlyCount "81"]
[EventDate "2014.04.09"]
[EventType "tourn"]
[EventRounds "11"]
[EventCountry "RUS"]
[EventCategory "10"]
[Source "lmi"]
[SourceDate "2014.04.09"]

1. e4 c5 2. Nf3 e6 3. d4 cxd4 4. Nxd4 Nc6 5. Nc3 Qc7 6. Be3 a6 7. Be2 b5 8.
Nxc6 Qxc6 9. e5 Qc7 10. Bf3 Bb7 11. O-O Rc8 12. Bxb7 Qxb7 13. Qd3 f5 14. a4 b4
15. Ne2 Ne7 16. c4 Nc6 17. f4 b3 18. a5 Nb4 19. Qxb3 Qe4 20. Nd4 Nd3 21. Rf3 g5
22. Rd1 g4 23. Rxd3 gxf3 24. gxf3 Qa8 25. Qa4 Bc5 26. Nxf5 Rg8+ 27. Kf2 Qc6 28.
Qxc6 Rxc6 29. Bxc5 exf5 30. b4 Rh6 31. b5 Rxh2+ 32. Ke3 Ra2 33. b6 Rb2 34. Ba3
Rb1 35. e6 Rg7 36. Bf8 Kxf8 37. exd7 Re7+ 38. Kd2 Rxd7 39. Rxd7 h5 40. b7 Ke8
41. Rc7 1-0

[Event "Fide Women Grand Prix Khanty-Mansiysk 2"]
[Site "Khanty Mansiysk RUS"]
[Date "2014.04.10"]
[Round "2.4"]
[White "Dzagnidze, Nana"]
[Black "Muzychuk, Anna"]
[Result "1/2-1/2"]
[WhiteElo "2550"]
[BlackElo "2560"]
[PlyCount "59"]
[EventDate "2014.04.09"]
[EventType "tourn"]
[EventRounds "11"]
[EventCountry "RUS"]
[EventCategory "10"]
[Source "lmi"]
[SourceDate "2014.04.09"]

1. d4 Nf6 2. c4 e6 3. Nf3 b6 4. a3 Bb7 5. Nc3 d5 6. cxd5 Nxd5 7. Qa4+ Nd7 8.
Ne5 Nxc3 9. bxc3 Bd6 10. Nxd7 Qxd7 11. Qxd7+ Kxd7 12. f3 f5 13. e3 c5 14. Bd3
Rhf8 15. a4 e5 16. Bb2 Rac8 17. dxe5 Bxe5 18. O-O-O Kc7 19. Rd2 g6 20. Rhd1
Rcd8 21. c4 Bxb2+ 22. Rxb2 Rfe8 23. Re2 Re7 24. Bc2 Rxd1+ 25. Kxd1 Bc6 26. Kd2
Rd7+ 27. Kc3 Re7 28. Kd2 Rd7+ 29. Kc3 Re7 30. Kd2 1/2-1/2

[Event "Fide Women Grand Prix Khanty-Mansiysk 2"]
[Site "Khanty Mansiysk RUS"]
[Date "2014.04.10"]
[Round "2.5"]
[White "Batchimeg, Tuvshintugs"]
[Black "Hou, Yifan"]
[Result "0-1"]
[WhiteElo "2340"]
[BlackElo "2618"]
[PlyCount "44"]
[EventDate "2014.04.09"]
[EventType "tourn"]
[EventRounds "11"]
[EventCountry "RUS"]
[EventCategory "10"]
[Source "lmi"]
[SourceDate "2014.04.09"]

1. d4 Nf6 2. c4 e6 3. Nc3 Bb4 4. Bg5 c5 5. d5 Bxc3+ 6. bxc3 d6 7. e3 Qe7 8. Bd3
Nbd7 9. Nf3 h6 10. Bh4 Nb6 11. dxe6 Bxe6 12. Nd2 O-O-O 13. a4 d5 14. Qe2 g5 15.
Bg3 dxc4 16. Nxc4 Nxc4 17. Bxc4 Bxc4 18. Qxc4 Ne4 19. h3 Nxg3 20. Qg4+ Qd7 21.
fxg3 Rhe8 22. Ke2 f5 0-1

[Event "Fide Women Grand Prix Khanty-Mansiysk 2"]
[Site "Khanty Mansiysk RUS"]
[Date "2014.04.10"]
[Round "2.6"]
[White "Kosteniuk, Alexandra"]
[Black "Kosintseva, Tatiana"]
[Result "0-1"]
[WhiteElo "2527"]
[BlackElo "2496"]
[PlyCount "70"]
[EventDate "2014.04.09"]
[EventType "tourn"]
[EventRounds "11"]
[EventCountry "RUS"]
[EventCategory "10"]
[Source "lmi"]
[SourceDate "2014.04.09"]

1. e4 e5 2. Nf3 Nc6 3. Bc4 Nf6 4. Ng5 d5 5. exd5 Na5 6. Bb5+ c6 7. dxc6 bxc6 8.
Bd3 Nd5 9. h4 Nf4 10. Bf1 h6 11. Ne4 Ne6 12. Ng3 Bc5 13. c3 Nb7 14. b4 Bb6 15.
Na3 a5 16. Nc4 Bc7 17. bxa5 Nxa5 18. Ne3 O-O 19. Ba3 c5 20. Bb5 Nb7 21. Bb2 Nd6
22. Be2 f5 23. Nc4 f4 24. Nxd6 fxg3 25. Nxc8 gxf2+ 26. Kf1 Qxc8 27. Bc4 Kh8 28.
Qg4 Qb7 29. Bc1 Nf4 30. d3 e4 31. Be3 Qb2 32. Rd1 h5 33. Bc1 Qxc1 34. Rxc1 hxg4
35. dxe4 Nh5 0-1

[Event "Fide Women Grand Prix Khanty-Mansiysk 2"]
[Site "Khanty Mansiysk RUS"]
[Date "2014.04.11"]
[Round "3.1"]
[White "Kosintseva, Tatiana"]
[Black "Batchimeg, Tuvshintugs"]
[Result "1/2-1/2"]
[WhiteElo "2496"]
[BlackElo "2340"]
[PlyCount "113"]
[EventDate "2014.04.09"]
[EventType "tourn"]
[EventRounds "11"]
[EventCountry "RUS"]
[EventCategory "10"]
[Source "lmi"]
[SourceDate "2014.04.09"]

1. e4 e5 2. Nf3 Nc6 3. Bb5 Nf6 4. d3 Bc5 5. c3 O-O 6. O-O Re8 7. Bg5 h6 8. Bh4
a6 9. Bxc6 dxc6 10. h3 Bd6 11. Nbd2 c5 12. Re1 g5 13. Bg3 Nh5 14. Nc4 b5 15.
Ne3 Nf4 16. a4 Rb8 17. axb5 axb5 18. d4 cxd4 19. cxd4 exd4 20. Nxd4 Qf6 21.
Nef5 Bxf5 22. Nxf5 Bb4 23. Re3 Rbd8 24. Qb3 Bc5 25. Bxf4 gxf4 26. Rc3 Bb6 27.
Qc2 Kh8 28. Rf3 Rg8 29. Rxf4 h5 30. Rf3 Qg5 31. Rg3 Qd2 32. Qc3+ Qxc3 33. bxc3
Rxg3 34. Nxg3 Rd2 35. Nxh5 Rc2 36. Ra8+ Kh7 37. Nf6+ Kg6 38. Nd5 Bxf2+ 39. Kf1
Bc5 40. Rg8+ Kh7 41. Nf6+ Kh6 42. e5 Rc1+ 43. Ke2 Rxc3 44. Ng4+ Kh7 45. Nf6+
Kh6 46. g4 Re3+ 47. Kd1 Rxe5 48. h4 Be3 49. Kc2 c5 50. g5+ Bxg5 51. hxg5+ Rxg5
52. Rxg5 Kxg5 53. Ne4+ Kg4 54. Nxc5 f5 55. Ne6 f4 56. Nxf4 Kxf4 57. Kc3 1/2-1/2

[Event "Fide Women Grand Prix Khanty-Mansiysk 2"]
[Site "Khanty Mansiysk RUS"]
[Date "2014.04.11"]
[Round "3.3"]
[White "Muzychuk, Anna"]
[Black "Lagno, Kateryna"]
[Result "1/2-1/2"]
[WhiteElo "2560"]
[BlackElo "2543"]
[PlyCount "64"]
[EventDate "2014.04.09"]
[EventType "tourn"]
[EventRounds "11"]
[EventCountry "RUS"]
[EventCategory "10"]
[Source "lmi"]
[SourceDate "2014.04.09"]

1. e4 c5 2. Nf3 d6 3. Bb5+ Bd7 4. Bxd7+ Qxd7 5. O-O Nf6 6. e5 dxe5 7. Nxe5 Qc8
8. Qf3 e6 9. d3 Be7 10. Nc3 O-O 11. Bg5 Nd5 12. h4 Nc6 13. Nxd5 Bxg5 14. Nxc6
Qxc6 15. hxg5 Qxd5 16. Qxd5 exd5 17. Rfe1 Rfe8 18. f4 Kf8 19. Kf2 Rxe1 20. Rxe1
Re8 21. Rxe8+ Kxe8 22. c4 Ke7 23. Kf3 Ke6 24. Kg4 g6 25. Kf3 dxc4 26. dxc4 f6
27. Ke4 fxg5 28. fxg5 Kd6 29. Kf4 Ke6 30. Ke4 Kd6 31. Kf4 Ke6 32. Ke4 Kd6
1/2-1/2

[Event "Fide Women Grand Prix Khanty-Mansiysk 2"]
[Site "Khanty Mansiysk RUS"]
[Date "2014.04.11"]
[Round "3.4"]
[White "Girya, Olga"]
[Black "Muminova, Nafisa"]
[Result "1/2-1/2"]
[WhiteElo "2450"]
[BlackElo "2321"]
[PlyCount "71"]
[EventDate "2014.04.09"]
[EventType "tourn"]
[EventRounds "11"]
[EventCountry "RUS"]
[EventCategory "10"]
[Source "lmi"]
[SourceDate "2014.04.09"]

1. d4 e6 2. Nf3 Nf6 3. c4 d5 4. Nc3 Be7 5. Bf4 O-O 6. e3 Nbd7 7. c5 c6 8. Bd3
b6 9. b4 a5 10. a3 Bb7 11. O-O Qc8 12. h3 h6 13. Qc2 Ba6 14. Bxa6 Rxa6 15. Rab1
axb4 16. axb4 Qb7 17. Rfc1 Rfa8 18. b5 Ra5 19. bxc6 Qxc6 20. cxb6 Nxb6 21. Nxd5
Qxd5 22. Rxb6 Ne4 23. Rcb1 Ra2 24. Rb8+ Kh7 25. Qc8 Bd8 26. Rxa8 Rxa8 27. Qc2
Ra2 28. Rb2 Ra1+ 29. Kh2 f5 30. Ne5 Bh4 31. Nd3 Qa5 32. g3 Qa8 33. Rb1 Ra2 34.
Rb2 Ra1 35. Rb1 Ra2 36. Rb2 1/2-1/2

[Event "Fide Women Grand Prix Khanty-Mansiysk 2"]
[Site "Khanty Mansiysk RUS"]
[Date "2014.04.12"]
[Round "4.1"]
[White "Kosteniuk, Alexandra"]
[Black "Batchimeg, Tuvshintugs"]
[Result "1-0"]
[WhiteElo "2527"]
[BlackElo "2340"]
[PlyCount "93"]
[EventDate "2014.04.09"]
[EventType "tourn"]
[EventRounds "11"]
[EventCountry "RUS"]
[EventCategory "10"]
[Source "lmi"]
[SourceDate "2014.04.09"]

1. e4 e5 2. Nf3 Nc6 3. Bb5 Nf6 4. d3 Bc5 5. O-O Nd4 6. Nxd4 Bxd4 7. Nd2 c6 8.
Ba4 d6 9. c3 Bb6 10. Bb3 h6 11. Nc4 Bc7 12. Qf3 Be6 13. Ne3 Qd7 14. d4 Bg4 15.
Qg3 O-O 16. f4 h5 17. Bc2 Rfe8 18. fxe5 dxe5 19. d5 Qd6 20. Nxg4 hxg4 21. Bg5
Nh7 22. Bh4 g5 23. Qxg4 Qg6 24. Bf2 cxd5 25. Qe2 Nf6 26. exd5 e4 27. Rad1 Rad8
28. c4 Qh6 29. g3 e3 30. Be1 Be5 31. Ba4 Re7 32. Bb4 Bd6 33. c5 Re4 34. Bc3 Be5
35. Bc2 Bxc3 36. Bxe4 Bb4 37. Bf3 Bxc5 38. b4 Bxb4 39. Qxe3 b6 40. Rc1 Re8 41.
Qd4 Bd6 42. Rc6 Nd7 43. Qa4 Re3 44. Rc8+ Nf8 45. Qxa7 Be5 46. Bg4 Qh7 47. Qe7
1-0

[Event "Fide Women Grand Prix Khanty-Mansiysk 2"]
[Site "Khanty Mansiysk RUS"]
[Date "2014.04.12"]
[Round "4.2"]
[White "Dzagnidze, Nana"]
[Black "Kosintseva, Tatiana"]
[Result "1-0"]
[WhiteElo "2550"]
[BlackElo "2496"]
[PlyCount "77"]
[EventDate "2014.04.09"]
[EventType "tourn"]
[EventRounds "11"]
[EventCountry "RUS"]
[EventCategory "10"]
[Source "lmi"]
[SourceDate "2014.04.09"]

1. d4 Nf6 2. c4 e6 3. Nf3 d5 4. Nc3 Bb4 5. Bg5 Nbd7 6. cxd5 exd5 7. e3 c5 8.
Be2 Qa5 9. O-O Bxc3 10. bxc3 c4 11. Qc2 Ne4 12. Rac1 Nb6 13. Bf4 O-O 14. Ne5 g5
15. f3 Nxc3 16. Bxg5 Nxe2+ 17. Qxe2 f6 18. Bh6 fxe5 19. Bxf8 Kxf8 20. f4 e4 21.
Qh5 Qa3 22. f5 Qxe3+ 23. Kh1 h6 24. Qg6 Qg5 25. Qd6+ Kf7 26. f6 Bd7 27. Rc3 Re8
28. Rg3 Bg4 29. h3 h5 30. Qc7+ Ke6 31. hxg4 hxg4 32. Kg1 Qd2 33. Qe5+ Kd7 34.
f7 Rf8 35. Qg7 Ke7 36. Qf6+ Kd7 37. Rxg4 Qe3+ 38. Kh2 Qa3 39. Rg8 1-0

[Event "Fide Women Grand Prix Khanty-Mansiysk 2"]
[Site "Khanty Mansiysk RUS"]
[Date "2014.04.12"]
[Round "4.3"]
[White "Lagno, Kateryna"]
[Black "Hou, Yifan"]
[Result "1/2-1/2"]
[WhiteElo "2543"]
[BlackElo "2618"]
[PlyCount "48"]
[EventDate "2014.04.09"]
[EventType "tourn"]
[EventRounds "11"]
[EventCountry "RUS"]
[EventCategory "10"]
[Source "lmi"]
[SourceDate "2014.04.09"]

1. d4 Nf6 2. c4 e6 3. g3 c5 4. d5 exd5 5. cxd5 d6 6. Nc3 g6 7. Bg2 Bg7 8. Nf3
O-O 9. O-O Re8 10. Bf4 Ne4 11. Nxe4 Rxe4 12. Nd2 Rxf4 13. gxf4 Bxb2 14. Rb1 Bg7
15. e4 Na6 16. Nc4 Rb8 17. a4 Nb4 18. Qf3 b6 19. Rbc1 Ba6 20. Rfe1 Na2 21. Rc2
Nb4 22. Rcc1 Na2 23. Rc2 Nb4 24. Rcc1 Na2 1/2-1/2

[Event "Fide Women Grand Prix Khanty-Mansiysk 2"]
[Site "Khanty Mansiysk RUS"]
[Date "2014.04.12"]
[Round "4.4"]
[White "Muminova, Nafisa"]
[Black "Muzychuk, Anna"]
[Result "0-1"]
[WhiteElo "2321"]
[BlackElo "2560"]
[PlyCount "190"]
[EventDate "2014.04.09"]
[EventType "tourn"]
[EventRounds "11"]
[EventCountry "RUS"]
[EventCategory "10"]
[Source "lmi"]
[SourceDate "2014.04.09"]

1. e4 c5 2. Nf3 Nc6 3. Bb5 g6 4. c3 Nf6 5. e5 Nd5 6. O-O Bg7 7. d4 Nc7 8. Bd3
cxd4 9. cxd4 d6 10. Bf4 dxe5 11. dxe5 Bg4 12. Re1 Nd5 13. Bg3 Ndb4 14. Be2 Qxd1
15. Bxd1 Bxf3 16. gxf3 Nd3 17. Re3 Ndxe5 18. Na3 Rd8 19. Ba4 O-O 20. Rb1 Rd4
21. b4 a6 22. Nc2 Rd2 23. b5 axb5 24. Rxb5 Nc4 25. Re4 N4a5 26. Bc7 Ra8 27.
Bxa5 Nxa5 28. Rxe7 Nc6 29. Re4 Bd4 30. Bb3 Bxf2+ 31. Kf1 Na5 32. Re2 Rxe2 33.
Kxe2 Bg1 34. h3 Nxb3 35. axb3 Rc8 36. Kf1 Rxc2 37. Kxg1 Rc7 38. h4 h5 39. f4
Rd7 40. Kf2 Kg7 41. Rb6 Kf8 42. Kf3 Rd3+ 43. Kg2 Ke7 44. Rxb7+ Ke6 45. Rb5 f6
46. b4 Rb3 47. f5+ gxf5 48. Kh2 Rd3 49. Kg2 Rd4 50. Kg3 Rc4 51. Rb8 Rg4+ 52.
Kf3 Rxh4 53. Re8+ Kf7 54. Rb8 Rc4 55. b5 Rb4 56. b6 f4 57. Rh8 Kg6 58. b7 Rxb7
59. Kxf4 Rb4+ 60. Kg3 Kg5 61. Rg8+ Kf5 62. Ra8 h4+ 63. Kf3 Rb3+ 64. Kf2 Kg4 65.
Ra4+ Kg5 66. Rc4 f5 67. Ra4 Rg3 68. Ra8 Rb3 69. Ra4 Rg3 70. Ra8 Kg4 71. Rg8+
Kf4 72. Rh8 Rf3+ 73. Ke2 Rh3 74. Kf2 Rh2+ 75. Kg1 Kg3 76. Rg8+ Kh3 77. Rg5 f4
78. Kf1 Ra2 79. Kg1 f3 80. Kf1 Kh2 81. Rg4 h3 82. Rg8 Rg2 83. Rf8 Kg3 84. Rg8+
Kf4 85. Rf8+ Ke4 86. Re8+ Kd5 87. Rd8+ Ke6 88. Re8+ Kd7 89. Rh8 h2 90. Rh7+ Ke6
91. Rh6+ Ke5 92. Rh5+ Ke4 93. Rh8 Rg1+ 94. Kf2 h1=Q 95. Re8+ Kd5 0-1

[Event "Fide Women Grand Prix Khanty-Mansiysk 2"]
[Site "Khanty Mansiysk RUS"]
[Date "2014.04.14"]
[Round "5.1"]
[White "Zhao, Xue"]
[Black "Kosteniuk, Alexandra"]
[Result "1/2-1/2"]
[WhiteElo "2552"]
[BlackElo "2527"]
[PlyCount "85"]
[EventDate "2014.04.09"]
[EventType "tourn"]
[EventRounds "11"]
[EventCountry "RUS"]
[EventCategory "10"]
[Source "lmi"]
[SourceDate "2014.04.09"]

1. Nf3 d5 2. c4 e6 3. b3 b6 4. g3 Bb7 5. Bg2 Be7 6. cxd5 Bxd5 7. Bb2 Nf6 8. Nc3
Bb7 9. b4 O-O 10. b5 a6 11. a4 Nbd7 12. O-O axb5 13. axb5 Rxa1 14. Bxa1 Qa8 15.
Qc2 Ne5 16. Nh4 Bxg2 17. Nxg2 Rc8 18. Ne3 Qb7 19. Rb1 h5 20. Ncd1 Ng6 21. h4
Ne8 22. Ng2 Bf6 23. Bc3 Ra8 24. Nge3 Bxc3 25. Nxc3 Nd6 26. Qb3 Ne5 27. Qb4 Ra7
28. Qd4 Nd7 29. Nc4 Nxc4 30. Qxd7 Qa8 31. Qd4 Nd6 32. Qe5 Ra1 33. Rxa1 Qxa1+
34. Kg2 Qb2 35. Qg5 f6 36. Qxh5 Qxd2 37. Qf3 Nc4 38. Qc6 Qxc3 39. Qe8+ Kh7 40.
Qh5+ Kg8 41. Qe8+ Kh7 42. Qh5+ Kg8 43. Qe8+ 1/2-1/2

[Event "Fide Women Grand Prix Khanty-Mansiysk 2"]
[Site "Khanty Mansiysk RUS"]
[Date "2014.04.14"]
[Round "5.4"]
[White "Hou, Yifan"]
[Black "Muminova, Nafisa"]
[Result "1-0"]
[WhiteElo "2618"]
[BlackElo "2321"]
[PlyCount "61"]
[EventDate "2014.04.09"]
[EventType "tourn"]
[EventRounds "11"]
[EventCountry "RUS"]
[EventCategory "10"]
[Source "lmi"]
[SourceDate "2014.04.09"]

1. c4 e6 2. g3 d5 3. Nf3 Nf6 4. Bg2 a6 5. d4 dxc4 6. O-O Nc6 7. Nbd2 Nxd4 8.
Nxc4 Bc5 9. Nfe5 O-O 10. Be3 Ba7 11. Rc1 c5 12. Bd2 Nd5 13. e3 Nb5 14. Qe2 Nd6
15. Rfd1 Nxc4 16. Nxc4 b5 17. Ba5 Qe7 18. e4 Nb4 19. Bxb4 cxb4 20. Ne5 Qg5 21.
Nc6 e5 22. h4 Qf6 23. b3 a5 24. Rc2 Bb7 25. Nxa7 Rxa7 26. Rc7 Qb6 27. Rdd7 a4
28. Kh2 h6 29. Qe3 Qa6 30. Qc5 axb3 31. Qxf8+ 1-0

[Event "Fide Women Grand Prix Khanty-Mansiysk 2"]
[Site "Khanty Mansiysk RUS"]
[Date "2014.04.14"]
[Round "5.5"]
[White "Kosintseva, Tatiana"]
[Black "Lagno, Kateryna"]
[Result "1/2-1/2"]
[WhiteElo "2496"]
[BlackElo "2543"]
[PlyCount "95"]
[EventDate "2014.04.09"]
[EventType "tourn"]
[EventRounds "11"]
[EventCountry "RUS"]
[EventCategory "10"]
[Source "lmi"]
[SourceDate "2014.04.09"]

1. e4 c5 2. Nf3 d6 3. d4 cxd4 4. Nxd4 Nf6 5. Nc3 a6 6. h3 e5 7. Nde2 b5 8. Ng3
Be6 9. Bg5 Nbd7 10. Nh5 Qa5 11. Bxf6 Nxf6 12. Nxf6+ gxf6 13. Bd3 b4 14. Nd5
Bxd5 15. exd5 Qxd5 16. Qe2 Qc6 17. f4 Bg7 18. O-O O-O 19. Bf5 h6 20. Rad1 Rfe8
21. fxe5 Qc5+ 22. Kh1 Rxe5 23. Qg4 Rae8 24. Rd3 Re1 25. Rdf3 a5 26. b3 Rxf1+
27. Rxf1 Qc3 28. Bd3 Re1 29. Qf5 Qe5 30. Rxe1 Qxe1+ 31. Kh2 Qe5+ 32. g3 Qxf5
33. Bxf5 Kf8 34. g4 Ke7 35. Kg3 d5 36. Kf4 Kd6 37. Bc8 f5 38. Kxf5 Bc3 39. h4
f6 40. Kg6 Be1 41. h5 Bd2 42. Kxf6 Bg5+ 43. Kf5 Bd2 44. Ba6 Bg5 45. Bb7 Bd2 46.
Ba6 Bg5 47. Bb7 Bd2 48. Ba6 1/2-1/2